00933cam a2200289 45000010008000000030007000080050017000150080041000320200047000730400029001200410008001490420009001570840027001660900019001931000019002122450059002312460022002902500011003122600034003233000039003575040029003966500025004256500019004509420016004699990015004859520143005002537870yeezen20260106165230.0250822s2025 ch a e b 001 0 chi d a9789861948416q(平裝) :c新臺幣800元 aSANbchic桃市圖eCCR0 achi anbic a419.8234b12272ncsclt a419.8234b12271 a孫秀卿e作10a腫瘤護理學 =bOncology nursing /c孫秀卿等作11aOncology nursing. a一版 a臺北市 :b華杏,c2025.06 a[16], 552, 6面 :b圖 ;c26公分 a含參考書目及索引 7a腫瘤護理2lcstt. 7a癌症2lcstt. 2cclcLNTERM c7679d7679 00102ccl4070ayeezenbyeezencP007d2026-01-06l2m1o419.8234pC03265q2026-06-30r2026-03-24 00:00:00s2026-03-24w2026-01-06yLNTERM